Statistiques concernant Culture Générale - Série 1142

Cliquez ici pour prendre le quiz!

Statistiques générales

  • Ce quiz a été pris 45 fois
  • Le résultat moyen est 5 sur 10

Statistiques - réponses

Question Réponse % Correct
Quelle mer baigne les côtes de la Croatie ?mer Adriatique
83%
Quel célèbre voyageur italien a été chargé de missions administratives par l'empereur Kubilay Khan jusqu'en 1295 ?Marco Polo
76%
Quelle ville de Gaule était la capitale des Parisii ?Lutèce
73%
Sur quelle île, la plus grande du Japon, se trouve Tokyo ?Honshu
71%
Quel rapace nocturne est également un synonyme de "super" ?chouette
66%
Quel pays abrite la ville d'Astrakhan ?Russie
39%
En 1960, quel chanteur incarne le musicien Charlie dans le film de François Truffaut “Tirez sur le pianiste” ?Charles Aznavour
34%
En 1877, qui était le président de la République à qui Gambetta a lancé le célèbre : “Il faudra se soumettre ou se démettre” ?Mac-Mahon
34%
Que signifie le mot grec : "polis", à l'origine du mot français "politique" ?cité
29%
En 1931, quel film Fritz Lang réalise-t-il en s'inspirant du vampire de Düsseldorf ?M le Maudit
20%

Distribution des résultats

Percentile par nombre de réponses

% des personnes avec chaque résultat

Votre développement - résultats

Vous n’avez pas pris ce quiz